Representative government in industry /

Bibliographic Details
Main Author: Myers, James, 1882-1967
Format: Book
Language:English
Published: New York : George H. Doran company, [1924]
Subjects:

MARC

Tag First Indicator Second Indicator Subfields
LEADER 00000cam a2200000 4500
001 in00000079418
005 20151008052842.0
008 751103s1924 nyuk 00000 eng u
010 |a  24013255  
035 |a (OCoLC)01801427 
035 |9 AAH5176AM 
040 |c TOL  |d TXA  |d UtOrBLW 
049 |a TXAM  |c [21531] 
090 |a HD5650  |b .M8 1924 
092 |a 331.1  |b M99r 
100 1 |a Myers, James,  |d 1882-1967. 
245 1 0 |a Representative government in industry /  |c by James Myers ... 
264 1 |a New York :  |b George H. Doran company,  |c [1924] 
264 4 |c [©1924] 
300 |a 249 pages ;  |c 21 cm. 
336 |a text  |b txt  |2 rdacontent 
337 |a unmediated  |b n  |2 rdamedia 
338 |a volume  |b nc  |2 rdacarrier 
650 0 |a Economics. 
650 0 |a Working class. 
650 0 |a Management  |x Employee participation. 
650 0 |a Industries. 
999 |a MARS 
999 f f |s e0c59d08-ad56-31a4-af32-21b6a7519058  |i d5c9792b-fbdf-3d3e-9671-a956c49c7bb3  |t 0 
952 f f |p ric  |a Texas A&M University  |b Rellis Campus  |c Joint Library Facility  |d Remote Storage  |t 0  |e HD5650 .M8 1924  |h Library of Congress classification  |i unmediated -- volume  |m A14800714127 
998 f f |a HD5650 .M8 1924  |t 0  |l Remote Storage